000 00784nam a22001937a 4500
003 SISC
005 20160728094856.0
008 160725b xxu||||| |||| 00| 0 eng d
020 _a9780980285888
050 _aTK 5105.888 .L793 2008
100 _aLloyd, Ian
245 _aThe ultimate HTML reference /
_cIan Lloyd.
250 _a1st ed.
260 _aAustralia :
_bSitepoint,
_cc2008.
300 _ax, 537 p. :
_bcol. ill. ;
_c24 cm.
520 _aA comprehensive, authoritative, and completely up-to-date. The book covers: Every element in the HTML and XHTML Specifications, including an example of its correct use Coverage of depreciated elements and those from the upcoming HTML 5 specification.
650 _aHTML editors (Computer programs).
942 _2lcc
_cBK
999 _c298042
_d298042